Engineering Electromagnetic Compatibility (Record no. 300272)

MARC details
000 -LEADER
fixed length control field 00418nam a2200157Ia 4500
008 - FIXED-LENGTH DATA ELEMENTS--GENERAL INFORMATION
fixed length control field 230718s9999 xx 000 0 und d
041 ## - LANGUAGE CODE
Language code of text/sound track or separate title eng
082 ## - DEWEY DECIMAL CLASSIFICATION NUMBER
Classification number 621.3
Item number KOD
100 ## - MAIN ENTRY--PERSONAL NAME
Personal name Kodali V.P.
245 ## - TITLE STATEMENT
Title Engineering Electromagnetic Compatibility
260 ## - PUBLICATION, DISTRIBUTION, ETC. (IMPRINT)
Date of publication, distribution, etc. 2000
Name of publisher, distributor, etc. Saunder College
300 ## - PHYSICAL DESCRIPTION
Extent 370
Accompanying material [OBSOLETE, CAN/MARC] Ref 968 E (11478)
365 ## - TRADE PRICE
Currency code Rs.
Price amount 400.00
700 ## - ADDED ENTRY--PERSONAL NAME
Personal name Kodali V.P.
906 ## - LOCAL DATA ELEMENT F, LDF (RLIN)
d B:3811-Apr-2000
c ETC
b 60
Holdings
Withdrawn status Lost status Source of classification or shelving scheme Reference No Damaged status Not for loan Home library Current library Date acquired Vendor Budget Code Cost, normal purchase price Bill number Full call number Barcode Date last seen Discount Cost, replacement price Bill Date Koha item type Original Barcode
    Dewey Decimal Classification Ref 968 E (11478)     Cummins College of Engineering for Women Pune Cummins College of Engineering for Women Pune 12/04/2000 Tech ETC 340.00 38 621.3 CCEP-BK-11478 18/07/2023 60 400.00 11/04/2000 Books 011478